000 00329nam a2200145Ia 4500
005 20251222141917.0
008 251222s9999||||xx |||||||||||||| ||spa||
020 _a9789875912526
082 _a971.43/T81
100 _aTrquell, Ximena
245 0 _aContar con Imágenes:
250 _a1ra.ed.
264 _bBrujas
942 _cLIB
999 _c8588
_d8588